| 000 | 00802nam a22001815i 4500 | ||
|---|---|---|---|
| 001 | 155997 | ||
| 003 | ES-MaACL | ||
| 005 | 20230906210302.0 | ||
| 008 | 960716s1891 sp |||| | spa d | ||
| 040 |
_aCLM _bspa _cCLM |
||
| 110 | 0 | 0 |
_aInstituto Provincial de Segunda Enseñanza de Navarra. _95223 |
| 245 | 1 | 0 |
_aMemoria sobre el estado del Instituto Provincial de 2ª Enseñanza de Navarra, durante el curso de 1889 á 1890 / _cpor Víctor Sainz de Robles. |
| 260 |
_aPamplona : _b[s.n.], _c1891 ( _fImprenta provincial) |
||
| 300 |
_a83 p. ; _c23 cm. |
||
| 610 | 2 |
_aInstituto Provincial de Segunda Enseñanza de Navarra- _vMemorias. _9134531 |
|
| 700 | 1 | 1 |
_aSáinz de Robles, Víctor. _9132999 |
| 852 |
_aES-MaACL _jT-529-F-9 _z-- Enc. hol., conservando la cub. original _z-- Enc. en un vol. facticio |
||
| 999 |
_c155997 _d155997 |
||